[Event "Kurnosov Memorial 2020"]
[Site "?"]
[Date "2020.09.05"]
[Round "5.6"]
[White "Demchenko, Anton"]
[Black "Goganov, Aleksey"]
[Result "1-0"]
[WhiteElo "2631"]
[BlackElo "2575"]
[PlyCount "49"]
[EventDate "2020.??.??"]

1. d4 d5 2. Nf3 Nf6 3. Bf4 e6 4. e3 c5 5. Nbd2 Nc6 6. c3 Be7 7. Ne5 Nd7 8. Bd3
Ndxe5 9. dxe5 g5 10. Bg3 h5 11. h3 Qc7 12. e4 Nxe5 13. Bb5+ Kf8 14. exd5 exd5
15. Nf3 Nxf3+ 16. Qxf3 Qb6 17. Bd3 c4 18. Be2 Qxb2 19. O-O g4 20. Qxd5 Qxe2 21.
Rfe1 Qd3 22. Qe5 Kg8 23. Qxe7 Bf5 24. Rad1 Qc2 25. Be5 1-0

[Event "Kurnosov Memorial 2020"]
[Site "?"]
[Date "2020.09.05"]
[Round "5.7"]
[White "Girya, Olga"]
[Black "Esipenko, Andrey"]
[Result "0-1"]
[WhiteElo "2471"]
[BlackElo "2629"]
[PlyCount "82"]
[EventDate "2020.??.??"]

1. d4 Nf6 2. c4 e6 3. Nf3 b6 4. g3 Ba6 5. b3 Bb4+ 6. Bd2 Be7 7. Nc3 d5 8. cxd5
exd5 9. Bg2 O-O 10. O-O Nbd7 11. Ne5 Bb7 12. Rc1 Re8 13. Rc2 Nf8 14. Bf4 Ne6
15. Bc1 c5 16. e3 Rc8 17. Bb2 Bd6 18. Nb5 Bb8 19. Re1 Ne4 20. dxc5 bxc5 21. Qh5
N6g5 22. f4 Qa5 23. Qe2 Ne6 24. Bxe4 dxe4 25. Bc3 Qa6 26. Rd1 c4 27. bxc4 Nc5
28. Rcd2 Nd3 29. Nxd3 exd3 30. Qxd3 Qh6 31. Nd6 Bxd6 32. Qxd6 Qh5 33. Qd4 f6
34. Rf1 Qf5 35. Bb4 h5 36. Qd3 Qe6 37. Qg6 Qc6 38. e4 Qb6+ 39. Rff2 Bxe4 40.
Qxh5 Qxb4 41. Rd7 Re7 0-1

[Event "Kurnosov Memorial 2020"]
[Site "?"]
[Date "2020.09.05"]
[Round "5.8"]
[White "Lysyj, Igor"]
[Black "Zakhartsov, Vladimir"]
[Result "1-0"]
[WhiteElo "2626"]
[BlackElo "2517"]
[PlyCount "67"]
[EventDate "2020.??.??"]

1. d4 Nf6 2. c4 g6 3. Nc3 d5 4. cxd5 Nxd5 5. e4 Nxc3 6. bxc3 Bg7 7. Be3 c5 8.
Nf3 Qa5 9. Qd2 O-O 10. Rc1 Rd8 11. h4 cxd4 12. cxd4 Qxd2+ 13. Bxd2 Bg4 14. d5
Bxf3 15. gxf3 Nd7 16. Bh3 Be5 17. f4 Bd6 18. Ke2 b5 19. Rb1 Rab8 20. Rhc1 Rb7
21. e5 Bb8 22. Ba5 Nb6 23. Bg2 Rbd7 24. Rxb5 f6 25. Bh3 Rc7 26. Rxc7 Bxc7 27.
Bb4 fxe5 28. Bxe7 Re8 29. d6 exf4 30. Be6+ Kg7 31. dxc7 Rxe7 32. Rxb6 Rxc7 33.
Ra6 Kh6 34. Bg4 1-0

[Event "Kurnosov Memorial 2020"]
[Site "?"]
[Date "2020.09.05"]
[Round "5.9"]
[White "Vitiugov, Nikita"]
[Black "Iljiushenok, Ilia"]
[Result "1/2-1/2"]
[WhiteElo "2616"]
[BlackElo "2443"]
[PlyCount "77"]
[EventDate "2020.??.??"]

1. e4 c5 2. Nf3 d6 3. d4 cxd4 4. Nxd4 Nf6 5. Nc3 a6 6. Bd3 e5 7. Nde2 Be7 8.
O-O O-O 9. f4 Nbd7 10. a4 exf4 11. Nxf4 Ne5 12. Kh1 Bg4 13. Qe1 Rc8 14. Be3 Nc4
15. Bxc4 Rxc4 16. b3 Rc6 17. Bd4 Nd7 18. Ncd5 Ne5 19. Nxe7+ Qxe7 20. Nd5 Qd8
21. Qg3 Be6 22. Nf6+ Kh8 23. Nh5 Rg8 24. c4 f6 25. h3 Bf7 26. Nf4 Qe7 27. Rad1
Re8 28. a5 Rcc8 29. Bc3 Nd7 30. Bb4 Qxe4 31. Bxd6 Ne5 32. Rde1 Qd4 33. Rd1 Qe4
34. Bxe5 Qxe5 35. Rd7 Re7 36. Rxe7 Qxe7 37. Qc3 Re8 38. Rd1 Kg8 39. Nd5 1/2-1/2

[Event "Kurnosov Memorial 2020"]
[Site "?"]
[Date "2020.09.05"]
[Round "5.10"]
[White "Frolyanov, Dmitry"]
[Black "Artemiev, Vladislav"]
[Result "1-0"]
[WhiteElo "2471"]
[BlackElo "2769"]
[PlyCount "131"]
[EventDate "2020.??.??"]

1. e4 c6 2. Nc3 d5 3. Nf3 dxe4 4. Nxe4 Nf6 5. Qe2 Nxe4 6. Qxe4 Nd7 7. Bc4 Nf6
8. Ne5 e6 9. Qe2 b5 10. Bd3 Qc7 11. a4 b4 12. b3 Bd6 13. Bb2 Bb7 14. O-O-O
O-O-O 15. f4 c5 16. Rhe1 h5 17. g3 h4 18. Nc4 hxg3 19. hxg3 Rh3 20. Nxd6+ Qxd6
21. f5 Nd7 22. fxe6 fxe6 23. Qxe6 Qxe6 24. Rxe6 Rxg3 25. Re7 g6 26. Rg7 Rg4 27.
Re1 Bd5 28. Rxg6 Rxg6 29. Bxg6 Rf8 30. Re8+ Rxe8 31. Bxe8 c4 32. bxc4 Bxc4 33.
Bd4 a6 34. Kb2 Bd5 35. d3 Bc6 36. a5 Ba4 37. Be3 Kd8 38. Bg6 Nb8 39. Be4 Kd7
40. Bc5 Nc6 41. Bb6 Kd6 42. d4 Kd7 43. Bd3 Bb5 44. Bxb5 axb5 45. Kb3 Ne7 46. a6
Nd5 47. Bc5 Kc6 48. Kb2 Nc7 49. a7 Kb7 50. Kc1 Ne6 51. Kd2 Nf4 52. Ke3 Nd5+ 53.
Kd3 Ka8 54. Ke4 Nc3+ 55. Ke5 Na4 56. Ke6 Kb7 57. Ke7 Nc3 58. Ke6 Ne4 59. Ke5
Nd2 60. Bxb4 Nc4+ 61. Ke6 Ne3 62. c3 Kxa7 63. d5 Kb7 64. d6 Ng2 65. d7 Nf4+ 66.
Kd6 1-0

[Event "Kurnosov Memorial 2020"]
[Site "?"]
[Date "2020.09.05"]
[Round "5.11"]
[White "Naumkin, Igor"]
[Black "Fedoseev, Vladimir"]
[Result "0-1"]
[WhiteElo "2449"]
[BlackElo "2714"]
[PlyCount "62"]
[EventDate "2020.??.??"]

1. d4 d5 2. c4 c6 3. Nf3 e6 4. e3 Bd6 5. Nc3 f5 6. Bd3 Nd7 7. O-O Nh6 8. b3 Qf6
9. Bb2 g5 10. Qc1 Nf7 11. Ba3 O-O 12. Bxd6 Nxd6 13. Ne2 Qg7 14. Qa3 Ne4 15.
Bxe4 dxe4 16. Nd2 e5 17. f3 exf3 18. Nxf3 e4 19. Nd2 Nf6 20. h3 g4 21. Nf4 gxh3
22. Nxh3 Ng4 23. b4 Rf6 24. Rf4 Rg6 25. Re1 Ne5 26. Re2 Nd3 27. Rf1 Rg3 28. Nf4
Qg4 29. Nxe4 fxe4 30. Nxd3 Qxe2 31. Nf4 Qxe3+ 0-1

[Event "Kurnosov Memorial 2020"]
[Site "?"]
[Date "2020.09.05"]
[Round "5.12"]
[White "Shimanov, Aleksandr"]
[Black "Kryakvin, Dmitry"]
[Result "0-1"]
[WhiteElo "2678"]
[BlackElo "2461"]
[PlyCount "95"]
[EventDate "2020.??.??"]

1. e4 e6 2. d3 d5 3. Nd2 Nf6 4. Ngf3 b6 5. c3 Be7 6. e5 Nfd7 7. Nb3 c5 8. Bf4
Qc7 9. h4 Ba6 10. Nbd2 Nc6 11. g3 h6 12. Qe2 b5 13. a3 Nb6 14. Bg2 Na4 15. Nf1
O-O-O 16. N1h2 Bb7 17. O-O d4 18. c4 bxc4 19. dxc4 Rd7 20. Qc2 Nb6 21. Rad1 g5
22. hxg5 hxg5 23. Nxg5 Bxg5 24. Bxg5 Nxe5 25. Bf6 Rxh2 26. Kxh2 Ng4+ 27. Kg1
Bxg2 28. Kxg2 Qc6+ 29. Kg1 Nxf6 30. b4 Ne4 31. bxc5 Nxc5 32. Rfe1 d3 33. Qc3
Kb7 34. Re3 f5 35. f3 Qd6 36. Kg2 Qd4 37. Qe1 Nxc4 38. Rb1+ Nb6 39. Qd2 f4 40.
Ree1 fxg3 41. Rh1 Qf2+ 42. Qxf2 gxf2 43. Kxf2 Kc6 44. Rh4 Kd5 45. Rbb4 e5 46.
Ke3 Rd6 47. f4 exf4+ 48. Rhxf4 0-1

[Event "Kurnosov Memorial 2020"]
[Site "?"]
[Date "2020.09.05"]
[Round "6.1"]
[White "Sjugirov, Sanan"]
[Black "Lysyj, Igor"]
[Result "1/2-1/2"]
[WhiteElo "2640"]
[BlackElo "2626"]
[PlyCount "50"]
[EventDate "2020.??.??"]
[WhiteClock "0:02:13"]
[BlackClock "0:05:08"]

1. e4 e5 2. Nf3 Nc6 3. Bb5 Nf6 4. O-O Nxe4 5. d4 Nd6 6. Bxc6 dxc6 7. dxe5 Nf5
8. Qxd8+ Kxd8 9. Rd1+ Ke8 10. Nc3 Ne7 11. a4 Bg4 12. a5 Bxf3 13. gxf3 Nf5 14.
Ne4 Be7 15. Be3 h5 16. Rd3 h4 17. Rb3 Nxe3 18. fxe3 Rb8 19. Kf2 f5 20. exf6
gxf6 21. h3 Kf7 22. f4 f5 23. Nd2 Rhd8 24. Nf3 Bf6 25. Rb4 Rd5 1/2-1/2

[Event "Kurnosov Memorial 2020"]
[Site "?"]
[Date "2020.09.05"]
[Round "6.2"]
[White "Timofeev, Artyom"]
[Black "Demchenko, Anton"]
[Result "1/2-1/2"]
[WhiteElo "2597"]
[BlackElo "2631"]
[PlyCount "75"]
[EventDate "2020.??.??"]
[WhiteClock "0:01:17"]
[BlackClock "0:00:58"]

1. e4 e5 2. Nf3 Nc6 3. Bb5 a6 4. Ba4 d6 5. Bxc6+ bxc6 6. d4 f6 7. c4 Ne7 8. Be3
Ng6 9. Nc3 Be7 10. h3 O-O 11. O-O Qe8 12. c5 f5 13. cxd6 cxd6 14. dxe5 dxe5 15.
Rc1 Rb8 16. Qe2 Kh8 17. exf5 Bxf5 18. Rfe1 a5 19. a3 Qf7 20. Bg5 Bxg5 21. Nxg5
Qb3 22. Qe3 Qxb2 23. Na4 Qd4 24. Nc5 Qxe3 25. Rxe3 h6 26. Nf3 Rb2 27. Nxe5 Nxe5
28. Rxe5 Bxh3 29. gxh3 Rfxf2 30. Re3 Rg2+ 31. Kh1 Rh2+ 32. Kg1 Rbg2+ 33. Kf1
Ra2 34. Kg1 Rag2+ 35. Kf1 Ra2 36. Kg1 Rag2+ 37. Kf1 Ra2 38. Kg1 1/2-1/2

[Event "Kurnosov Memorial 2020"]
[Site "?"]
[Date "2020.09.05"]
[Round "6.3"]
[White "Esipenko, Andrey"]
[Black "Savchenko, Boris"]
[Result "1/2-1/2"]
[WhiteElo "2629"]
[BlackElo "2552"]
[PlyCount "64"]
[EventDate "2020.??.??"]
[WhiteClock "0:00:36"]
[BlackClock "0:00:22"]

1. c4 c5 2. Nf3 Nf6 3. Nc3 d5 4. cxd5 Nxd5 5. e3 g6 6. Qa4+ Nc6 7. Ne5 Qc7 8.
Bb5 Ndb4 9. Nxc6 bxc6 10. Bc4 Bf5 11. O-O Bd3 12. Bxd3 Nxd3 13. b3 Rd8 14. Ba3
e5 15. Qc4 Be7 16. Na4 O-O 17. Rfd1 Rd5 18. Nb2 Rfd8 19. Nxd3 Rxd3 20. Bxc5
Bxc5 21. Qxc5 R8d5 22. Qc4 Rxd2 23. Rxd2 Rxd2 24. h3 Qd6 25. Qc3 h5 26. Qa5 e4
27. Qxa7 Rxf2 28. Kxf2 Qf6+ 29. Ke2 Qb2+ 30. Kf1 Qxa1+ 31. Kf2 Qb2+ 32. Kg1
Qa1+ 1/2-1/2

[Event "Kurnosov Memorial 2020"]
[Site "?"]
[Date "2020.09.05"]
[Round "6.4"]
[White "Fedoseev, Vladimir"]
[Black "Khanin, Semen"]
[Result "1/2-1/2"]
[WhiteElo "2714"]
[BlackElo "2579"]
[PlyCount "187"]
[EventDate "2020.??.??"]
[WhiteClock "0:00:30"]
[BlackClock "0:01:41"]

1. d4 Nf6 2. c4 e6 3. Nf3 d5 4. Nc3 Nbd7 5. e3 Bb4 6. Qc2 O-O 7. a3 Bxc3+ 8.
Qxc3 c5 9. b4 cxd4 10. Qxd4 Re8 11. cxd5 e5 12. Qd1 e4 13. Nd2 Ne5 14. Nc4 Bg4
15. Qd4 Qxd5 16. Bb2 Nxc4 17. Bxc4 Qg5 18. h3 Rad8 19. Qc5 Qxc5 20. bxc5 Be6
21. Rc1 Bxc4 22. Rxc4 Nd7 23. Ke2 Nb8 24. h4 h5 25. Rh3 f6 26. Rg3 Kf7 27. f3
Nc6 28. fxe4 Re7 29. Rf3 Rde8 30. Rf4 Ne5 31. Bxe5 Rxe5 32. Kd3 R8e7 33. Rf5
Ke6 34. c6 b5 35. Rc5 Rc7 36. Kd4 Rxf5 37. exf5+ Kd6 38. Rxb5 Rxc6 39. Rb7 Ra6
40. e4 Ra4+ 41. Ke3 Rxa3+ 42. Kf4 Ra1 43. Rxg7 Rf1+ 44. Ke3 Re1+ 45. Kf3 Rf1+
46. Ke2 Rf4 47. Ke3 Rf1 48. Rxa7 Re1+ 49. Kf3 Rf1+ 50. Ke2 Rb1 51. Ra5 Rh1 52.
g3 Rb1 53. Rd5+ Ke7 54. Rd3 Ra1 55. Ke3 Rf1 56. Rb3 Re1+ 57. Kf4 Rf1+ 58. Rf3
Rg1 59. Rf2 Kd6 60. Rd2+ Ke7 61. Kf3 Rf1+ 62. Rf2 Re1 63. Rb2 Rf1+ 64. Ke2 Rg1
65. Kf2 Ra1 66. Rb6 Ra3 67. Rb7+ Kd6 68. Rf7 Ke5 69. Re7+ Kd4 70. Re6 Rb3 71.
Kg2 Ra3 72. Rxf6 Kxe4 73. Re6+ Kxf5 74. Rh6 Ra5 75. Kh3 Ke4 76. Rg6 Rb5 77. Rg8
Rf5 78. Kg2 Ra5 79. Rf8 Rf5 80. Rg8 Ra5 81. Rg7 Rb5 82. Kh3 Ra5 83. Rf7 Rf5 84.
Ra7 Rb5 85. Ra6 Kf5 86. Rc6 Ra5 87. Rb6 Rc5 88. Rh6 Ke4 89. Rf6 Rf5 90. Ra6 Rb5
91. Ra8 Kf5 92. Ra6 Ke4 93. Rf6 Rf5 94. Rb6 1/2-1/2

[Event "Kurnosov Memorial 2020"]
[Site "?"]
[Date "2020.09.05"]
[Round "6.5"]
[White "Kezin, Roman"]
[Black "Rakhmanov, Aleksandr"]
[Result "0-1"]
[WhiteElo "2565"]
[BlackElo "2665"]
[PlyCount "104"]
[EventDate "2020.??.??"]
[WhiteClock "0:00:20"]
[BlackClock "0:01:45"]

1. c4 e5 2. Nc3 Bb4 3. Nd5 a5 4. a3 Bc5 5. Nf3 d6 6. d4 exd4 7. Nxd4 Ne7 8. Bg5
f6 9. Bf4 Nxd5 10. cxd5 f5 11. e3 O-O 12. h4 Qf6 13. Rc1 Re8 14. Be2 Na6 15.
Bg5 Qe5 16. Bf4 Qf6 17. Bg5 Qe5 18. Bf4 Qe4 19. O-O Qe7 20. Nf3 Bb6 21. Bb5 Rf8
22. Qc2 Nc5 23. b4 Ne4 24. Ng5 h6 25. Nxe4 fxe4 26. Bg3 Bf5 27. Qb3 Rf7 28. Be2
axb4 29. axb4 Raf8 30. Rfd1 Qf6 31. Bh5 g6 32. Be2 Ra8 33. Qc3 Qe7 34. Ra1 Raf8
35. Ra2 g5 36. h5 Qd7 37. Rda1 Bg4 38. Qc2 Bxe2 39. Qxe2 Qf5 40. Qc4 Qg4 41.
Ra8 Kh7 42. Rxf8 Rxf8 43. Qc2 Re8 44. Ra3 Qxh5 45. Rc3 Qf7 46. Qd1 h5 47. Rc4
Kg6 48. Qa4 Kh6 49. Qc2 h4 50. Bh2 Qxd5 51. g4 Qe6 52. Qe2 Rf8 0-1

[Event "Kurnosov Memorial 2020"]
[Site "?"]
[Date "2020.09.05"]
[Round "6.6"]
[White "Volkov, Sergey"]
[Black "Matlakov, Maxim"]
[Result "0-1"]
[WhiteElo "2564"]
[BlackElo "2660"]
[PlyCount "90"]
[EventDate "2020.??.??"]
[WhiteClock "0:01:29"]
[BlackClock "0:00:50"]

1. d4 Nf6 2. c4 e6 3. Nc3 d5 4. Bg5 Be7 5. e3 h6 6. Bxf6 Bxf6 7. Qb3 c6 8. Nf3
O-O 9. Rd1 Nd7 10. Be2 a6 11. Qc2 g6 12. O-O Bg7 13. e4 dxc4 14. Bxc4 b5 15.
Be2 Qe7 16. e5 c5 17. Ne4 cxd4 18. Qc7 Qd8 19. Qc6 Rb8 20. Rxd4 Nxe5 21. Rxd8
Nxc6 22. Rxf8+ Kxf8 23. Rc1 Rb6 24. b3 Ke7 25. a4 f5 26. a5 Nxa5 27. Rc7+ Kd8
28. Rxg7 fxe4 29. Nd2 Rc6 30. b4 Rc2 31. bxa5 Rxd2 32. Kf1 b4 33. Ke1 Rd5 34.
Bd1 Rxa5 35. Rxg6 Ra1 36. Kd2 a5 37. Rxh6 Ra2+ 38. Ke3 a4 39. h4 a3 40. h5 Rxf2
41. Rh8+ Kc7 42. Bb3 Rxg2 43. h6 Rg3+ 44. Kf4 Rxb3 45. h7 Rh3 0-1

[Event "Kurnosov Memorial 2020"]
[Site "?"]
[Date "2020.09.05"]
[Round "6.7"]
[White "Aleksandrov, Aleksej"]
[Black "Predke, Alexandr"]
[Result "1/2-1/2"]
[WhiteElo "2549"]
[BlackElo "2645"]
[PlyCount "96"]
[EventDate "2020.??.??"]
[WhiteClock "0:02:28"]
[BlackClock "0:01:39"]

1. d4 Nf6 2. c4 e6 3. Nc3 d5 4. Nf3 Bb4 5. Qa4+ Nc6 6. cxd5 exd5 7. Bg5 h6 8.
Bxf6 Qxf6 9. e3 O-O 10. Be2 Be6 11. a3 Bxc3+ 12. bxc3 Ne7 13. c4 c5 14. O-O
dxc4 15. Bxc4 Bxc4 16. Qxc4 cxd4 17. Qxd4 Qxd4 18. Nxd4 Rfc8 19. Rfc1 Rxc1+ 20.
Rxc1 Rc8 21. Rxc8+ Nxc8 22. Kf1 Nd6 23. Ke2 Nc4 24. Nc2 Kf8 25. h3 Ke7 26. Kd3
Ne5+ 27. Kd4 Kd6 28. e4 Nc6+ 29. Kc4 Ke5 30. Kd3 b5 31. g3 g5 32. Ne3 h5 33.
Nd5 f5 34. f4+ gxf4 35. gxf4+ Kd6 36. Nf6 fxe4+ 37. Kxe4 h4 38. f5 b4 39. axb4
Nxb4 40. Ne8+ Ke7 41. Nc7 a5 42. Kf4 a4 43. Nb5 Kf6 44. Kg4 Nc2 45. Kxh4 Kxf5
46. Kg3 Ke5 47. h4 Nd4 48. Na3 Nf5+ 1/2-1/2

[Event "Kurnosov Memorial 2020"]
[Site "?"]
[Date "2020.09.05"]
[Round "6.8"]
[White "Iljiushenok, Ilia"]
[Black "Demidov, Mikhail"]
[Result "0-1"]
[WhiteElo "2443"]
[BlackElo "2636"]
[PlyCount "95"]
[EventDate "2020.??.??"]
[WhiteClock "0:00:14"]
[BlackClock "0:00:18"]

1. e4 Nf6 2. e5 Nd5 3. d4 d6 4. c4 Nb6 5. f4 g6 6. Nc3 dxe5 7. fxe5 c5 8. d5
Bg7 9. Bf4 O-O 10. Qd2 e6 11. O-O-O exd5 12. cxd5 c4 13. Nf3 Na6 14. h3 Bf5 15.
g4 Bd3 16. Bxd3 cxd3 17. Qxd3 Rc8 18. Kb1 Nc4 19. Rc1 Qb6 20. Rh2 Nb4 21. Qe4
Rfe8 22. Re2 Qa6 23. Ka1 Nxe5 24. Nxe5 Nxa2 25. Nxa2 Rxc1+ 26. Bxc1 Rxe5 27.
Qxe5 Bxe5 28. Rxe5 Qf1 29. g5 Qd1 30. Re8+ Kg7 31. Rd8 f5 32. gxf6+ Kxf6 33. d6
Ke6 34. b4 Qd4+ 35. Bb2 Qh4 36. Rb8 Qxh3 37. Nc3 Kxd6 38. Ne4+ Kc6 39. Nc3 a6
40. Ka2 Qe6+ 41. Ka3 g5 42. Rh8 Qg6 43. Rc8+ Kd7 44. Rc5 g4 45. Nd5 g3 46. Nf6+
Ke6 47. Nh5 Qg4 48. Re5+ 0-1

[Event "Kurnosov Memorial 2020"]
[Site "?"]
[Date "2020.09.05"]
[Round "6.9"]
[White "Sarana, Alexey"]
[Black "Yudin, Sergei"]
[Result "1-0"]
[WhiteElo "2618"]
[BlackElo "2574"]
[PlyCount "91"]
[EventDate "2020.??.??"]
[WhiteClock "0:03:07"]
[BlackClock "0:01:50"]

1. d4 d5 2. Nf3 e6 3. c4 c6 4. Nbd2 Nf6 5. g3 Bd6 6. Bg2 O-O 7. O-O Nbd7 8. Qc2
Re8 9. e4 Nxe4 10. Nxe4 dxe4 11. Qxe4 e5 12. Bg5 f6 13. Bd2 exd4 14. Qxd4 Ne5
15. Bc3 Bh3 16. Rfd1 Bxg2 17. Kxg2 Bc7 18. Qe4 Qc8 19. Bxe5 Bxe5 20. Qc2 Qc7
21. Rd3 Rad8 22. Rad1 Rxd3 23. Rxd3 Qf7 24. b3 Bc7 25. Qd2 Bb6 26. Rd7 Re7 27.
Rxe7 Qxe7 28. Qd3 Qc5 29. Qe2 Kf7 30. h4 Qe7 31. Qd3 Qc5 32. Qd7+ Kf8 33. Qd2
Ke7 34. Qc2 g6 35. Qe2+ Kf7 36. Nd2 Qe7 37. Ne4 Bd4 38. Qd3 c5 39. Qf3 Kg7 40.
Qf4 b6 41. h5 gxh5 42. Qf5 Qe5 43. Qd7+ Kg6 44. Nd6 Qe2 45. Qf7+ Kh6 46. Qf8+
1-0

[Event "Kurnosov Memorial 2020"]
[Site "?"]
[Date "2020.09.05"]
[Round "6.10"]
[White "Bryakin, Mikhail"]
[Black "Vitiugov, Nikita"]
[Result "0-1"]
[WhiteElo "2476"]
[BlackElo "2616"]
[PlyCount "86"]
[EventDate "2020.??.??"]
[WhiteClock "0:00:28"]
[BlackClock "0:03:31"]

1. d4 Nf6 2. c4 g6 3. Nc3 Bg7 4. e4 d6 5. h3 e5 6. d5 a5 7. Be3 Na6 8. Nf3 Nc5
9. Nd2 h5 10. Be2 Bh6 11. Bxh6 Rxh6 12. h4 Kf8 13. Qc2 Rh8 14. b3 Kg7 15. Nf1
Bg4 16. f3 Bd7 17. Ne3 c6 18. Qd2 Qb6 19. Rb1 Rhd8 20. g3 Qa7 21. Kf1 Rab8 22.
Kg2 cxd5 23. exd5 Re8 24. Rhe1 Ra8 25. a3 a4 26. b4 Nb3 27. Qd3 Rac8 28. Ne4
Nxe4 29. fxe4 Rf8 30. Rbd1 Nd4 31. Rc1 b5 32. Rc3 bxc4 33. Nxc4 Bb5 34. Qe3 Qa6
35. Bf1 Bxc4 36. Bxc4 Rxc4 37. Qd3 Rfc8 38. Rec1 Rxc3 39. Qxa6 Rxc1 40. Kf2
R1c2+ 41. Ke1 Nf3+ 42. Kf1 R8c3 43. Qxd6 Re3 0-1

[Event "Kurnosov Memorial 2020"]
[Site "?"]
[Date "2020.09.05"]
[Round "6.11"]
[White "Bocharov, Dmitry"]
[Black "Stupak, Kirill"]
[Result "1/2-1/2"]
[WhiteElo "2608"]
[BlackElo "2537"]
[PlyCount "26"]
[EventDate "2020.??.??"]
[WhiteClock "0:10:59"]
[BlackClock "0:08:37"]

1. c4 c5 2. Nc3 g6 3. g3 Bg7 4. Bg2 Nc6 5. d3 d6 6. Qd2 e5 7. b3 Nge7 8. Bb2
O-O 9. h4 h6 10. h5 g5 11. f4 Nf5 12. Ne4 g4 13. fxe5 dxe5 1/2-1/2

[Event "Kurnosov Memorial 2020"]
[Site "?"]
[Date "2020.09.05"]
[Round "7.1"]
[White "Lysyj, Igor"]
[Black "Rakhmanov, Aleksandr"]
[Result "1/2-1/2"]
[WhiteElo "2626"]
[BlackElo "2665"]
[PlyCount "69"]
[EventDate "2020.??.??"]

1. d4 d6 2. Nf3 Nf6 3. c4 g6 4. Nc3 Bf5 5. d5 e5 6. h3 Ne4 7. Nxe4 Bxe4 8. Ng5
Bf5 9. e4 Bd7 10. Be3 a5 11. h4 h6 12. Nf3 Na6 13. h5 g5 14. Nd2 Be7 15. Be2
Qc8 16. Nf1 c5 17. Nh2 Nc7 18. a4 Kd8 19. Bg4 Ne8 20. Qf3 Nf6 21. Bxd7 Qxd7 22.
Bd2 Kc7 23. Nf1 Qg4 24. Qxg4 Nxg4 25. Ng3 Nf6 26. Nf5 Kd7 27. f3 b6 28. Ra3
Rag8 29. Ke2 Bd8 30. Raa1 Ne8 31. Ne3 Ng7 32. Bc3 Rf8 33. g3 Rh7 34. Raf1 f5
35. g4 1/2-1/2

[Event "Kurnosov Memorial 2020"]
[Site "?"]
[Date "2020.09.05"]
[Round "7.2"]
[White "Matlakov, Maxim"]
[Black "Sarana, Alexey"]
[Result "1/2-1/2"]
[WhiteElo "2660"]
[BlackElo "2618"]
[PlyCount "145"]
[EventDate "2020.??.??"]

1. d4 Nf6 2. c4 e6 3. g3 Bb4+ 4. Bd2 Be7 5. Bg2 d5 6. Nf3 O-O 7. Qc2 Nbd7 8.
Nc3 dxc4 9. Rd1 c5 10. O-O a6 11. dxc5 Bxc5 12. Ne4 Nxe4 13. Qxe4 Qe7 14. Ng5
Nf6 15. Qxc4 e5 16. Bc3 Bf5 17. Nf3 Rac8 18. Qh4 e4 19. Nd4 Bg6 20. Bh3 Bxd4
21. Rxd4 Rcd8 22. Rfd1 Rxd4 23. Rxd4 Rd8 24. Qf4 h5 25. Qe5 Qf8 26. a3 Rxd4 27.
Bxd4 Qd8 28. Bg2 Qd7 29. h3 Qc6 30. e3 Kh7 31. Bf1 Qd7 32. Kh2 Bf5 33. b4 Kg6
34. Bg2 Qc6 35. Qf4 Qe6 36. Bxf6 gxf6 37. g4 hxg4 38. hxg4 Bxg4 39. Qxe4+ Kg5
40. Qxe6 fxe6 41. Bxb7 Be2 42. a4 Kf5 43. f4 e5 44. Kg3 Ke6 45. Bc6 Kd6 46. b5
a5 47. Bf3 Bd3 48. Bd1 Bf5 49. Kh4 exf4 50. exf4 Ke7 51. Kh5 Be4 52. Kh6 Bb7
53. Kg6 Be4+ 54. f5 Bd5 55. b6 Be4 56. Be2 Bc6 57. Bd1 Bd5 58. Bb3 Bb7 59. Bc2
Bd5 60. Bd1 Bb7 61. Kg7 Bd5 62. Be2 Bc6 63. Bc4 Kd6 64. Kxf6 Bxa4 65. Kg7 Be8
66. f6 a4 67. Bb5 a3 68. Bc4 Kc6 69. Kf8 Bh5 70. Ke7 Kxb6 71. f7 Bxf7 72. Kxf7
a2 73. Bxa2 1/2-1/2

[Event "Kurnosov Memorial 2020"]
[Site "?"]
[Date "2020.09.05"]
[Round "7.3"]
[White "Vitiugov, Nikita"]
[Black "Sjugirov, Sanan"]
[Result "0-1"]
[WhiteElo "2616"]
[BlackElo "2640"]
[PlyCount "117"]
[EventDate "2020.??.??"]

1. e4 c5 2. Nf3 Nc6 3. d4 cxd4 4. Nxd4 Nf6 5. Nc3 e5 6. Ndb5 d6 7. Bg5 a6 8.
Na3 b5 9. Nd5 Be7 10. Bxf6 Bxf6 11. c3 Be6 12. Nc2 Ne7 13. Ncb4 O-O 14. a4 bxa4
15. Bxa6 Nxd5 16. exd5 Bd7 17. Bb7 Ra5 18. Bc6 a3 19. O-O e4 20. Qc2 Bf5 21.
Rxa3 Rxa3 22. bxa3 Qa5 23. Qc1 Qc5 24. c4 h6 25. Bb5 Bg5 26. Qc3 e3 27. fxe3
Bxe3+ 28. Kh1 Be4 29. Re1 Bd4 30. Qd2 f5 31. Nc6 Bf2 32. Rf1 Be3 33. Qb4 f4 34.
Qxc5 Bxc5 35. h3 f3 36. gxf3 Rxf3 37. Rxf3 Bxf3+ 38. Kh2 Bxa3 39. Kg3 Bd1 40.
Nd4 Kf7 41. Bd7 h5 42. Ne6 Kf6 43. Be8 g6 44. Bd7 Bb3 45. Bb5 Bb2 46. Kf4 g5+
47. Kf3 Kf5 48. Kg3 Be5+ 49. Kg2 Bc2 50. Be8 h4 51. Bd7 Kf6 52. Kf3 Bb3 53. Bb5
Bd1+ 54. Kg2 Bc2 55. c5 Be4+ 56. Kf1 g4 57. cxd6 Bxd6 58. hxg4 h3 59. g5+ 0-1

[Event "Kurnosov Memorial 2020"]
[Site "?"]
[Date "2020.09.05"]
[Round "7.4"]
[White "Demidov, Mikhail"]
[Black "Timofeev, Artyom"]
[Result "1/2-1/2"]
[WhiteElo "2636"]
[BlackElo "2597"]
[PlyCount "119"]
[EventDate "2020.??.??"]

1. Nf3 c5 2. e3 Nf6 3. d4 e6 4. c4 d5 5. a3 dxc4 6. Bxc4 a6 7. O-O b5 8. Be2
Bb7 9. dxc5 Bxc5 10. Qxd8+ Kxd8 11. a4 bxa4 12. Nc3 Nbd7 13. Nxa4 Bd6 14. Nd2
Ke7 15. Nc4 Bb4 16. f3 Ne8 17. e4 Nd6 18. Be3 Nxc4 19. Bxc4 Bc6 20. Rfd1 a5 21.
Bd4 f6 22. b3 Rhc8 23. Be2 Bxa4 24. bxa4 Bc5 25. Bb5 Bxd4+ 26. Rxd4 Nc5 27. Rc1
Rc7 28. h4 Rac8 29. Rcd1 e5 30. Rd6 h5 31. Kh2 Rb8 32. R1d5 Rbc8 33. Rd1 Rb8
34. R1d2 Rbc8 35. R2d5 Rb8 36. Rc6 Rxc6 37. Bxc6 Ne6 38. Rxa5 Rb2 39. Ra7+ Kd6
40. Bd5 Nd4 41. Kh3 g5 42. Ra6+ Ke7 43. Ra7+ Kd6 44. hxg5 fxg5 45. Rg7 Ne2 46.
Rxg5 Nf4+ 47. Kh4 Nxg2+ 48. Kxh5 Nf4+ 49. Kh6 Rb4 50. a5 Ra4 51. Rg8 Rxa5 52.
Bb3 Ra3 53. Rb8 Kc7 54. Rb4 Nd3 55. Rb5 Ne1 56. Bd1 Nxf3 57. Bxf3 Rxf3 58. Rxe5
Kd6 59. Rf5 Re3 60. e5+ 1/2-1/2

[Event "Kurnosov Memorial 2020"]
[Site "?"]
[Date "2020.09.05"]
[Round "7.5"]
[White "Demchenko, Anton"]
[Black "Paravyan, David"]
[Result "1/2-1/2"]
[WhiteElo "2631"]
[BlackElo "2606"]
[PlyCount "143"]
[EventDate "2020.??.??"]

1. e4 e5 2. Nf3 Nf6 3. Nc3 Nc6 4. d4 exd4 5. Nxd4 Bb4 6. Nxc6 bxc6 7. Bd3 O-O
8. O-O d5 9. exd5 cxd5 10. h3 Be6 11. Qf3 c5 12. Rd1 Qc8 13. Bg5 Bxc3 14. bxc3
Ne4 15. Bxe4 dxe4 16. Qxe4 Bf5 17. Qc4 Qe6 18. Qxe6 Bxe6 19. a4 Rfb8 20. Rab1
Bf5 21. Rxb8+ Rxb8 22. Bf4 Rc8 23. a5 h6 24. Be3 Rc6 25. g4 Bxc2 26. Rd8+ Kh7
27. Rd7 Ra6 28. Bxc5 Rxa5 29. Bxa7 Bb3 30. Kh2 Be6 31. Rc7 h5 32. Kg3 g5 33.
gxh5 Kh6 34. Be3 Kxh5 35. f4 gxf4+ 36. Bxf4 Rd5 37. Be3 Rd3 38. Kf4 Bxh3 39.
Rxf7 Kg6 40. Rc7 Kf6 41. c4 Ke6 42. c5 Rd7 43. Rc6+ Kd5 44. Rh6 Rf7+ 45. Kg3
Be6 46. Bf4 Bd7 47. Bd6 Bc6 48. Rh5+ Kc4 49. Rh8 Rf3+ 50. Kg4 Rf1 51. Kg5 Rf2
52. Rc8 Kb5 53. Rb8+ Kc4 54. Rb6 Kd5 55. Ra6 Rf1 56. Ra2 Rf3 57. Rd2+ Kc4 58.
Be7 Rf1 59. Rd6 Kb5 60. Rd4 Rf7 61. Bd6 Rf1 62. Rd2 Kc4 63. Re2 Kb4 64. Re3 Kc4
65. Kg6 Kd4 66. Re7 Kc4 67. Kg7 Rf2 68. Re5 Rf1 69. Rh5 Rf2 70. Bc7 Rf1 71. Bb6
Rf3 72. Rh4+ 1/2-1/2

[Event "Kurnosov Memorial 2020"]
[Site "?"]
[Date "2020.09.05"]
[Round "7.6"]
[White "Frolyanov, Dmitry"]
[Black "Esipenko, Andrey"]
[Result "1/2-1/2"]
[WhiteElo "2471"]
[BlackElo "2629"]
[PlyCount "85"]
[EventDate "2020.??.??"]

1. e4 e5 2. Nf3 Nc6 3. Bb5 a6 4. Ba4 Nf6 5. O-O Be7 6. Re1 b5 7. Bb3 O-O 8. c3
d6 9. h3 Bb7 10. d4 Re8 11. Nbd2 Bf8 12. d5 Nb8 13. Nf1 Nbd7 14. N3h2 Nc5 15.
Bc2 c6 16. b4 Ncd7 17. dxc6 Bxc6 18. Bg5 Qc7 19. Bxf6 Nxf6 20. Ng4 Nxg4 21.
hxg4 Bb7 22. Qf3 Rac8 23. Ne3 Qxc3 24. Bb3 Re7 25. Nd5 Bxd5 26. Qxc3 Rxc3 27.
Bxd5 g6 28. a4 Bh6 29. axb5 axb5 30. Ra5 Kg7 31. Rxb5 Rc2 32. Rb1 Rec7 33. Rb7
Rxb7 34. Bxb7 Rc1+ 35. Rxc1 Bxc1 36. Bd5 Ba3 37. b5 Bc5 38. Kf1 h5 39. gxh5
gxh5 40. g3 Kg6 41. Kg2 f5 42. f3 f4 43. gxf4 1/2-1/2